Statistiken für ELF Teams 2021

Klicken Sie hier um das Quiz zu spielen!

Allgemein

  • Dieses Quiz wurde 13 mal gespielt
  • Das Durchschnittsergebnis liegt bei 7 aus 8

Antwortstatistiken

LandTeam% Korrekt
DeutschlandFrankfurt Galaxy
100%
DeutschlandBerlin Thunder
92%
DeutschlandStuttgart Surge
92%
SpanienBarcelona Dragons
85%
DeutschlandHamburg Sea Devils
85%
DeutschlandLeipzig Kings
85%
DeutschlandCologne Centurions
77%
PolenPanthers Wrocław
62%

Verteilung der Resultate

Perzentil nach korrekt beantworteten Fragen

Anzahl Personen mit jedem Resultat

Ihre Resultats-Entwicklung

Sie haben dieses Quiz noch nicht gespielt